日本三大〇〇(観光地理編) - Statistics

General Stats
  • This quiz has been taken 417 times
  • The average score is 19 of 87
Answer Stats
〇〇 答え % Correct
琵琶湖
84%
中華街 横浜中華街
76%
霞ヶ浦
74%
利根川
74%
暴れ川 利根川
74%
河川 信濃川
72%
摩耶山
69%
夜景 函館山
67%
草津温泉
65%
松島 松島
58%
清流 四万十川
57%
カルスト地形 秋吉台
55%
石狩川
55%
稲佐山
55%
サロマ湖
53%
別府温泉
53%
薬泉 有馬温泉
52%
松原 三保松原
42%
秋芳洞
42%
華厳の滝
41%
華厳の滝
41%
最上川
36%
吉野川
33%
瀑布 那智の滝
33%
神滝 那智の滝
33%
虹の松原
32%
球磨川
31%
袋田の滝
31%
急流 富士川
29%
鍾乳洞 龍泉洞
25%
黒部峡谷
25%
気比松原
24%
筑後川
24%
温泉 熱海温泉
23%
輪島朝市
21%
四国カルスト
20%
長良川
18%
紅葉名所 日光
18%
龍河洞
13%
嵐山
11%
耶馬渓
10%
耶馬渓
10%
夜城 大阪城
10%
奇景 耶馬渓
10%
美肌の湯 嬉野温泉
9%
猊鼻渓
9%
平尾台
8%
祖谷温泉
8%
長崎新地中華街
8%
神戸南京町
7%
朝市 勝浦朝市
7%
布引の滝
5%
九十九島
4%
柿田川
4%
湯の川温泉
4%
秘境 白川郷
4%
椎葉村
4%
多賀城跡
3%
岩場 谷川岳
2%
峡谷 清津峡
2%
南紀白浜温泉
2%
龍神温泉
2%
喜連川温泉
2%
史跡 平城宮跡
2%
飛騨高山朝市
2%
高知城
2%
高田城
2%
寒霞渓
2%
妙義山
2%
天草松島
1%
穂高岳
1%
剱岳
1%
雁坂峠
1%
大杉峡谷
1%
秘湯 ニセコ薬師温泉
1%
谷地温泉
1%
松之山温泉
1%
美人の湯 川中温泉
1%
斐乃上温泉
1%
大宰府跡
1%
祖谷山村
1%
嵯峨渓
1%
名月の里 姥捨山
1%
石山寺
1%
桂浜
1%
針ノ木峠
0%
三伏峠
0%
No matching quizzes found
Score Distribution
Percent of People with Each Score
Percentile by Number Answered
Your Score History
You have not taken this quiz